000 01912cam a22004694i 4500
003 PE-LiUPU
005 20250731184551.0
008 150616s r 000 0 d
035 _a(Sirsi) a3367
040 _aPE-LiUPU
_bspa
_cPE-LiUPU
_erda
049 _aPRUA
082 0 4 _a985.0058
_bP45
_221
110 2 _aBiblioteca Nacional del Perú
245 1 0 _aAnuario Bibliográfico Peruano, 1970-1972 /
_cBiblioteca Nacional del Perú.
264 1 _aLima :
_bBiblioteca Nacional,
_c1978.
300 _a902 páginas :
_bilustraciones tablas, cuadros ;
_c24 cm.
336 _atext
_2rdacontent
337 _aunmediated
_2rdamedia
338 _avolume
_2rdacarrier
504 _aIncluye bibliografía.
505 0 _aObras generales -- Filosofía -- Religión -- Ciencias sociales -- Linguística -- Ciencias puras -- Ciencias aplicadas -- Arte -- Literatura -- Geografía -- Historia -- Tesis -- Publicaciones oficiales -- Libros y folletos peruanistas -- Publicaciones periódicas -- Publicaciones regionales -- Publicaciones oficiales periódicas -- Bio-bibliografías de escritores peruanos desaparecidos en los años 1970-1972.
526 _aP136
526 _aP135
526 _aP134
526 _aP133
526 _aP144
526 _aP143
526 _aP87
526 _aP35
526 _aP20
526 _aP14
526 _aP10
526 _aP06
650 1 4 _aBibliografía nacional
_zPerú.
910 _ajck
_bjvq
_cjck
942 _2ddc
_cBOOK
949 _a985.0058 P45
_wDEWEY
_c1
_i21672
_lCCODEBUL1
_mBUL
_p00.00
_r0
_sY
_tBOOK
_u19830430
_xEDUCACION
_PP20
_0COMPRA
_o.STAFF. Colección General
994 _aC0
_bPEPRU
596 _a1
999 _a985.0058 P45
_wDEWEY
_c41442
_i21672
_f2021-11-8
_g5
_lCCODEBUL1
_mBUL
_r0
_sY
_tBOOK
_u2015-6-16
_xBIBLIOTECA
_PP20
_0COMPRA
_o.STAFF. Colección General
_d41442
980 _81
_gALBERTO SANCHEZ Responsable de Automatización